Normal view
MARC view
- Jackson, Layman Edson,
Entry Personal Name
001 - CONTROL NUMBER
- control field: 1202
003 - CONTROL NUMBER IDENTIFIER
- control field: OSt
005 - DATE AND TIME OF LATEST TRANSACTION
- control field: 20160727114324.0
008 - FIXED-LENGTH DATA ELEMENTS
- fixed length control field: 160727|| aca||aabn | a|a d
040 ## - CATALOGING SOURCE
- Original cataloging agency: OSt
- Transcribing agency: OSt
100 ## - HEADING--PERSONAL NAME
- Personal name: Jackson, Layman Edson,
670 ## - SOURCE DATA FOUND
- Source citation: Work cat.: (OSt)13760: Cox, Joseph Frank, 1201, Crop Management and Soil Conservation,, 2011
